| 000 | 00638nam a22002417a 4500 | ||
|---|---|---|---|
| 003 | UA-OsUOA | ||
| 001 | 127598 | ||
| 007 | ta | ||
| 008 | 20171205b un ||||| |||| 00| 0 ukr d | ||
| 100 | _aЛупейко В. | ||
| 090 |
_a821.161.2 _bЛ85 |
||
| 942 | _cBK | ||
| 040 |
_aUA-OsUOA _bukr _cUA-OsUOA _dUA-OsUOA |
||
| 245 |
_aСиве кування зозулі _bпроза, поезія |
||
| 300 | _a214 с. | ||
| 955 | _a3 | ||
| 041 | _aukr | ||
| 080 | _a821.161.2 | ||
| 020 | _a5-7707-7273-5 | ||
| 260 |
_aК. _bШколяр |
||
| 650 | 7 |
_a82 Література. Літературознавство _2UDC |
|
| 999 |
_c414904 _d414904 |
||